<?xml version="1.0" encoding="UTF-8"?>
<collection xmlns="http://www.loc.gov/MARC21/slim">
 <record>
  <leader>02991nam a2200301 a 4500</leader>
  <controlfield tag="001">1/45380</controlfield>
  <controlfield tag="008">140827s2003    ne            001 0 eng  </controlfield>
  <datafield tag="020" ind1=" " ind2=" ">
   <subfield code="a">9781555582746</subfield>
  </datafield>
  <datafield tag="020" ind1=" " ind2=" ">
   <subfield code="a">1555582745</subfield>
  </datafield>
  <datafield tag="035" ind1=" " ind2=" ">
   <subfield code="l">48340</subfield>
  </datafield>
  <datafield tag="040" ind1=" " ind2=" ">
   <subfield code="a">OPELS</subfield>
   <subfield code="b">eng</subfield>
   <subfield code="c">OPELS</subfield>
   <subfield code="d">OKU</subfield>
   <subfield code="d">OCLCQ</subfield>
   <subfield code="d">OCLCF</subfield>
   <subfield code="d">GR-PeUP</subfield>
  </datafield>
  <datafield tag="100" ind1="1" ind2=" ">
   <subfield code="a">Moore, Martin L.</subfield>
  </datafield>
  <datafield tag="245" ind1="1" ind2="0">
   <subfield code="a">Tru64 UNIX troubleshooting</subfield>
   <subfield code="h">[electronic resource] :</subfield>
   <subfield code="b">diagnosing and correcting system problems /</subfield>
   <subfield code="c">Martin Moore, Steven Hancock.</subfield>
  </datafield>
  <datafield tag="260" ind1=" " ind2=" ">
   <subfield code="a">Amsterdam ;</subfield>
   <subfield code="a">Boston :</subfield>
   <subfield code="b">Digital Press,</subfield>
   <subfield code="c">2003.</subfield>
  </datafield>
  <datafield tag="300" ind1=" " ind2=" ">
   <subfield code="a">1 online resource (xiii, 337 p.)</subfield>
  </datafield>
  <datafield tag="504" ind1=" " ind2=" ">
   <subfield code="a">Includes bibliographical references (p. 319-321) and index.</subfield>
  </datafield>
  <datafield tag="505" ind1="0" ind2=" ">
   <subfield code="a">Principles and techniques -- Tools and resources -- User accounts and security -- System failures -- System performance -- Networking -- Storage -- File systems -- System configuration -- System administration -- Display problems.</subfield>
  </datafield>
  <datafield tag="520" ind1=" " ind2=" ">
   <subfield code="a">Dealing with system problemsfrom user login failures to server crashes--is a critical part of a system administrator's job. A down system can cost a business thousands of dollars per minute. But there is little or no information available on how to troubleshoot and correct system problems; in most cases, these skills are learned in an ad-hoc manner, usually in the pressure-cooker environment of a crisis. This is the first book to address this lack of information. The authors (both experienced Tru64 UNIX support engineer for Compaq) systematically present the techniques and tools needed to find and fix system problems. The first part of the book presents the general principles and techniques needed in system troubleshooting. These principles and techniques are useful not only for UNIX system administrators, but for anyone who needs to find and fix system problems. After this foundation, the authors describe troubleshooting tools used in the UNIX environment. The remainder of the book covers specific areas of the Tru64 UNIX operating system in detail: listing common problems, their causes, how to detect them, and how to correct them. Each chapter includes a &quot;Before You Call Support&quot; section that details the most important things to check and correct before it's necessary to call Compaq technical support. The authors also include decision trees to help the reader systematically isolate particular problem types. &quot;Before You Call Tech Support&quot; sections Tables and diagrams for quick access to precise data Decision trees to help choose the best way to troubleshoot a particular problem.</subfield>
  </datafield>
  <datafield tag="630" ind1="0" ind2="0">
   <subfield code="a">UNIX (Computer file)</subfield>
  </datafield>
  <datafield tag="650" ind1=" " ind2="4">
   <subfield code="a">Operating systems (Computers).</subfield>
  </datafield>
  <datafield tag="650" ind1=" " ind2="4">
   <subfield code="a">Software maintenance.</subfield>
  </datafield>
  <datafield tag="650" ind1=" " ind2="4">
   <subfield code="a">Debugging in computer science.</subfield>
  </datafield>
  <datafield tag="655" ind1=" " ind2="4">
   <subfield code="a">Electronic books.</subfield>
  </datafield>
  <datafield tag="700" ind1="1" ind2=" ">
   <subfield code="a">Hancock, Steven M.</subfield>
  </datafield>
  <datafield tag="852" ind1=" " ind2=" ">
   <subfield code="a">INST</subfield>
   <subfield code="b">UNIPILB</subfield>
   <subfield code="c">EBOOKS</subfield>
   <subfield code="e">20140827</subfield>
   <subfield code="p">00b48340</subfield>
   <subfield code="q">00b48340</subfield>
   <subfield code="t">ONLINE</subfield>
   <subfield code="y">0</subfield>
  </datafield>
  <datafield tag="856" ind1="4" ind2="0">
   <subfield code="3">ScienceDirect</subfield>
   <subfield code="u">http://www.sciencedirect.com/science/book/9781555582746</subfield>
  </datafield>
  <datafield tag="856" ind1="4" ind2=" ">
   <subfield code="d">/webopac/covers/03/48340_9781555582746.jpg</subfield>
  </datafield>
  <datafield tag="856" ind1="4" ind2=" ">
   <subfield code="d">/webopac/covers/03/48340_1555582745.jpg</subfield>
  </datafield>
 </record>
</collection>
